| 000 | 00000cam 2200000zi 4500 |
| 001 | 9.957531 |
| 003 | CaOODSP |
| 005 | 20260603104811 |
| 006 | m o d f |
| 007 | cr cn |||||||| |
| 008 | 251121e202511##onc o f000 0 fre d |
| 020 | |a9780660798486 |
| 040 | |aCaOODSP|bfre|erda|cCaOODSP |
| 043 | |an-cn--- |
| 086 | 1 |aT94-108/2025F-PDF |
| 245 | 00|aMaisons Canada cadre de politique d'investissement. |
| 246 | 17|aCadre de politique d’investissement — novembre 2025 |
| 264 | 1|aOttawa (Ontario) : |bGouvernement du Canada = Government of Canada, |cnovembre 2025. |
| 264 | 4|c©2025 |
| 300 | |a1 ressource en ligne (14 pages) |
| 336 | |atexte|btxt|2rdacontent/fre |
| 337 | |ainformatique|bc|2rdamedia/fre |
| 338 | |aressource en ligne|bcr|2rdacarrier/fre |
| 500 | |aPublié aussi en anglais sous le titre : Build Canada Homes investment policy framework. |
| 500 | |a« Révisé. » |
| 500 | |a« Dernière mise à jour : le 27 novembre 2025. » |
| 650 | 6|aLogement|xPolitique gouvernementale|zCanada. |
| 650 | 6|aLogement|zCanada|xFinances. |
| 710 | 1 |aCanada. |bLogement, infrastructures et collectivités Canada, |eorganisme de publication. |
| 775 | 08|tBuild Canada Homes investment policy framework.|w(CaOODSP)9.957530 |
| 856 | 40|qPDF|s400 Ko|uhttps://publications.gc.ca/collections/collection_2026/licc-hicc/T94-108-2025-fra.pdf |
| 856 | 4 |qHTML|sS.O.|uhttps://logement-infrastructure.canada.ca/bch-mc/policy-framework-invest-cadre-strategique-fra.html |